| 000 | 00738nam a2200253Ia 4500 | ||
|---|---|---|---|
| 003 | OSt | ||
| 005 | 20220918214511.0 | ||
| 006 | a|||||r|||| 00| 0 | ||
| 007 | ta | ||
| 008 | 220917b |||||||| |||| 00| 0 eng d | ||
| 024 | _a137,703 | ||
| 037 | _cTextual | ||
| 040 |
_aARTS _cARTS _beng |
||
| 041 |
_2eng _aeng |
||
| 082 | _aY:354k, M9(FAL/RR) | ||
| 100 |
_aOpie Ions Ed _9131511 |
||
| 245 | 0 | _aDictionary of superstitions edited by Ions Opie and Moira Tatem | |
| 260 |
_aOxford _bUniversity Press _c1989 |
||
| 300 |
_axiii, 494p. _ccm. |
||
| 650 | _aSOCIOLOGY | ||
| 700 |
_a Tatem Moira Ed _9131512 |
||
| 942 |
_hY:354k, M9(FAL/RR) _cTEXL _2CC |
||
| 999 |
_c260782 _d260782 |
||